00233nam a2200097Ia 4500082001200000245002900012100002700041942000700068008004100075999001900116 aK LIO  0aTiko en die goue vlerke  a LIONNI, Leo 9109822 cBK210825s9999 xx 000 0 und d c533652d533651